000 00526cam a22001577a 4500
999 _c507829
_d507829
008 180718b-- xxu||||| |||| 00| 0 eng d
082 _aA45:O
100 _aIndia. Ministry of Health and Family Welfare. Department of Health and Family Welfare
_92589
245 _aAnnual report, 1989-91
260 _aNew Delhi
_bGovernment of India
300 _av.p.
500 _aLibrary has 1958/59-1966/67,1970/71-2009/10
650 _aFamily - Health and hygiene - India
_92590
650 _aPublic health - India
_92591
942 _2ddc